000 00816nam a2200241Ia 4500
003 OSt
005 20221005112308.0
006 a|||||r|||| 00| 0
007 ta
008 221004b |||||||| |||| 00| 0 pan d
020 _a9788178564517 (hbk)
_cIndian Rupees 350
024 _a39438
037 _bGift, 18/09/2018,
_cTextual
040 _aCRL
_cCRL
_bpan
041 _2pan
_apan
082 _aT4:7, 153Q5
100 _aਮੰਡ, ਮਲਿਕਾ, ਂਚ.
245 0 _aਤੁਰੀਆਂ ਨਾਲ ਕਿਤਾਬਾਂ
260 _aਅੰਮ੍ਰਿਤਸਰ
_bਵਾਰਿਸ Fਾਹ ਖ਼ਾਊ੍ਵਡੇFਨ ਭਾਰਤ
_c2015
300 _a319ਪ0
_ccm.
942 _hT4:7, 153Q5
_cTEXL
_2cc
999 _c1024459
_d1024459